Normal view
MARC view
- CARRUTH, S. RUSSELLY
Entry Personal Name
001 - CONTROL NUMBER
- control field: 90545
003 - CONTROL NUMBER IDENTIFIER
- control field: NUST
005 - DATE AND TIME OF LATEST TRANSACTION
- control field: 20220310151904.0
008 - FIXED-LENGTH DATA ELEMENTS
- fixed length control field: 220310|| aca||aabn | a|a d
040 ## - CATALOGING SOURCE
- Original cataloging agency: NUST
- Transcribing agency: NUST
100 ## - HEADING--PERSONAL NAME
- Personal name: CARRUTH, S. RUSSELLY
670 ## - SOURCE DATA FOUND
- Source citation: Work cat.: (NUST): CARRUTH, S. RUSSELLY., ENVIRONMENTAL HEALTH LAW /, 2014.
